000 00664nam a2200289Ia 4500
005 20260324150955.0
008 008 260324s9999 xx 000 0 eng d
020 _a9781315010144
037 _aEBOOK
040 _aCRL
040 _beng
040 _cCRL
041 _2eng
041 _aeng
084 _qCRL
100 _a Bradley, R N
_91228278
245 0 _aDuality
245 2 _bA STUDY IN THE PSYCHO-ANALYSIS OF RACE
260 _bTaylor and Francis
260 _c1923
365 _a
365 _b350
856 _uhttp://www.taylorfrancis.com/books/9781315010144
942 _cEBOOK
999 _c1838630
_d1838630